Guide to Martial arts : (Record no. 8126)

MARC details
000 -LEADER
fixed length control field 00795nam a22002297a 4500
001 - CONTROL NUMBER
control field 8126
003 - CONTROL NUMBER IDENTIFIER
control field FISKH
005 - DATE AND TIME OF LATEST TRANSACTION
control field 20250827123648.0
008 - FIXED-LENGTH DATA ELEMENTS--GENERAL INFORMATION
fixed length control field 250827b cb ||||| |||| 00| 0 eng d
020 ## - INTERNATIONAL STANDARD BOOK NUMBER
International Standard Book Number 9781597641234
040 ## - CATALOGING SOURCE
Original cataloging agency FISKH
Language of cataloging eng
Transcribing agency FISKH
Modifying agency FISKH
050 ## - LIBRARY OF CONGRESS CALL NUMBER
Classification number GV1112.G64
082 ## - DEWEY DECIMAL CLASSIFICATION NUMBER
Classification number 796.815
100 ## - MAIN ENTRY--PERSONAL NAME
Personal name Goldman, John
245 ## - TITLE STATEMENT
Title Guide to Martial arts :
Remainder of title A step-by-step introduction to Taekwando, Judo, Ju-jitsu, Karate & Kung Fu /
Statement of responsibility, etc. John Goldman
260 ## - PUBLICATION, DISTRIBUTION, ETC.
Place of publication, distribution, etc. United Kingdom :
Name of publisher, distributor, etc. New Line Books,
Date of publication, distribution, etc. 1997.
300 ## - PHYSICAL DESCRIPTION
Extent 127 pages :
Other physical details color illustrations ;
Dimensions 31 cm
520 ## - SUMMARY, ETC.
Summary, etc. Uses over three hundred full-color photographs to provide a step-by-step introduction to the martial arts.
650 ## - SUBJECT ADDED ENTRY--TOPICAL TERM
Topical term or geographic name entry element Kids
Form subdivision Reference
General subdivision Martial Arts
942 ## - ADDED ENTRY ELEMENTS (KOHA)
Source of classification or shelving scheme Dewey Decimal Classification
Koha item type Books
Suppress in OPAC No
Holdings
Withdrawn status Lost status Source of classification or shelving scheme Damaged status Not for loan Collection Home library Current library Shelving location Date acquired Total Checkouts Full call number Barcode Date last seen Copy number Price effective from Koha item type
    Dewey Decimal Classification     Non-Fiction Footprints International School Library Network Toul Kork Campus Footprints International School Library Network Toul Kork Campus Librarian's Shelf TK 08/27/2025   GOL 796.815 GV1112.G64 2025-4281 08/27/2025 1 08/27/2025 Books